000 00321nam a2200121Ia 4500
008 190216s9999||||xx |||||||||||||| ||und||
100 _aApte P G
245 0 _aInternational Financial Management
260 _bTata Mcgraw Hill Publishing Company Ltd
_c2002
300 _a636p
650 _aFinancial Management
942 _cBK
999 _c6504
_d6504